000 00796nam a22001697a 4500
999 _c19900
_d19901
008 240401b ||||| |||| 00| 0 eng d
082 _aDPer 621.317 Ie21 September 2022 v.37 n. 9
100 _aYang, Guanghui.
_eauthor.
_955532
245 _aA simple and efficient strategy for online detection of multiple open-switch fault in multiphase machine drive systems /
_cGuanghui Yang, Jiaqiang Yang, Sheng Li, and Haseeb Hussain
260 _aNew York;
_bThe Institute of Electrical and Electronics Engineers, Inc.,
_cSeptember 2022.
300 _avolume 37,
_bpages 11058-11070,
_cillustration.
700 _aYang, Guanghui.
_eauthor.
_955532
700 _aYang, Jiaqiang.
_eauthor.
_955538
700 _aLi, Sheng.
_eauthor.
_955548
700 _aHussain, Haseeb.
_eauthor.
_955558
942 _2ddc
_cPER